00623pab a2200181 454500008004000000100001900040245008800059260000900147300001500156362001200171650005800183650003100241700001700272773001700289909001100306999001900317952010500336180718b2017 xxu||||| |||| 00| 0 eng d aKaushal, Shyam aTargeted public distribution system in Himachal Pradesh: a gateway to food security c2017 ap.179-186. aJul-Sep aPublic distribution system - India - Himachal Pradesh aPublic distribution system aRakesh Kumar aProductivity a116404 c116398d116398 00104070aIIPAbIIPAd2018-07-19hVolume no: 58, Issue no: 2pAR116864r2018-07-19w2018-07-19yAR